000 00579cam a22002053a 4500
001 39264
003 PGUSA
005 20140828083855.0
008 120325s2012||||xxu|||||s|||||000 | eng d
040 _aPGUSA
_beng
042 _adc
100 1 _aWildridge, T. Tindall
245 1 4 _aThe Grotesque in Church Art
_h[electronic resource] /
_cT. Tindall Wildridge
260 _bProject Gutenberg,
_c2012
506 _aPublic domain in the USA.
516 _aElectronic text
830 0 _aProject Gutenberg
_v39264
856 4 0 _uhttp://www.gutenberg.org/ebooks/39264
942 _cEB
999 _c268517
_d268517